000 01773nam2a22003131 4500
001 v19\rc\1981465
005 20260405164115.0
035 _a(NLR Aleph) 005269976
090 _a5989099
_c5989099
100 _a20080623d1914 |||y0rusy50 ca
101 0 _arus
102 _aRU
105 _ay z |||a|
200 1 _a[Рассказ офицера
_fИ. Петров
210 _d1914
_aБ. м.
215 _a28 с.
423 0 _11010#$arus
_12001#$aМолитва$aМертвое поле$fВадим Белов
_1700#1$3RU\NLR\AUTH\7769382$7ca$aБелов$bВ. М.$cписатель-публицист$gВадим Михйлович
_tМертвое поле
_aБелов, Вадим Михйлович (писатель-публицист)
423 0 _11010#$arus
_12001#$aРазведчик Гутман$aВорон к ворону летит$eБаллада$fА. Измайлов]
_1700#1$3RU\NLR\AUTH\7797590$7ca$aИзмайлов$bА. А.$f1873-1921$gАлександр Алексеевич
_tВорон к ворону летит
_aИзмайлов, Александр Алексеевич (1873-1921)
461 0 _1001v19\rc\1981464
_12001#$aРассказы о войне$eВып. 1-$vВып. 1
_97031423
_cЕлисаветград
_d1914
_nЗаря
_oВып. 1-
_tРассказы о войне
_vВып. 1
540 1 _aРассказ офицера
700 1 _8rus
_7ca
_aНиконов
_bА. М.
_cпублицист, разведчик
_f1893-1937
_gАлександр Матвеевич
_3RU\NLR\AUTH\7770129
_953057
801 2 _aRU
_bNLR
_c20081030
_2rusmarc
801 0 _aRU
_bNLR
_c20080623
_gpsbo
801 0 _aRU
_bRuMoRGB
_c20080623
_2psbo
801 1 _aRU
_bProSoft-M
_c20080623
_2rusmarc
852 _aNLR
_j37.80.4.62
942 _cBOOK
980 _aNB